Flujo de fluidos para ingenieros quimicos /

Guardado en:
Autor Principal: Holland, F. A.
Formato: Libro
Idioma:Spanish
English
Publicado: Buenos Aires, Argentina : Géminis, 1980.
Materias:
Etiquetas: Agregar Etiqueta
Sin Etiquetas, Sea el primero en etiquetar este registro!
LEADER 00732nam a22002055a 4500
001 EIQ.libpla002924
008 070917s1980####ag#a#####b####001#0#spa#d
005 20070917193907.0
245 1 0 |a Flujo de fluidos para ingenieros quimicos /  |c F. A. Holland. 
260 |a Buenos Aires, Argentina :  |b Géminis,  |c 1980. 
300 |a xvii, 286 p. :  |b il. ;  |c 23 cm. 
504 |a Incluye referencias bibliográficas e índice. 
500 |a Título original en inglés: Fluid flow. 
500 |a Traductor: Walter J. Baran. 
100 1 |a Holland, F. A. 
650 4 |a Procesos  |x Dinámica de fluídos. 
650 4 |a Procesos  |x Fluid dynamics. 
040 |a AR-BbSID  |b spa  |c AR-BbSID 
041 1 |a spa  |h eng 
859 |a AR-BbSID  |b BIB. PLAPIQUI  |h 532.053  |i H 719  |p 1418